[Event "Quebec op"]
[Site "Montreal"]
[Date "2023.08.04"]
[Round "8"]
[White "Zhang, Chu Hang"]
[Black "Deboosere, Adam Moussa"]
[Result "1/2-1/2"]
[WhiteElo "1953"]
[BlackElo "1745"]
[PlyCount "142"]
[EventDate "2023.07.29"]
[EventType "swiss"]
[EventRounds "9"]
[EventCountry "CAN"]
[SourceTitle "CBM 215 Extra"]
[Source "ChessBase"]
[SourceDate "2023.09.30"]
[SourceVersion "1"]
[SourceVersionDate "2023.09.30"]
[SourceQuality "1"]

1. e4 c6 2. d3 d5 3. Nd2 e5 4. Ngf3 Bd6 5. g3 Nf6 6. Bg2 0-0 7. 0-0 Re8 8. c3 Nbd7 9. Qc2 a5 10. a4 Qc7 11. Re1 Nc5 12. exd5 cxd5 13. d4 Ncd7 14. dxe5 Nxe5 15. Nxe5 Rxe5 16. Rxe5 Bxe5 17. Nf3 Bd6 18. Bg5 Ne4 19. Rd1 Be6 20. Be3 Nf6 21. Nd4 Bc5 22. Nb5 Qb6 23. Bxc5 Qxc5 24. Qd3 Re8 25. Qd4 Qxd4 26. Rxd4 Rc8 27. Nd6 Rc7 28. Ne4 Nxe4 29. Bxe4 Rc5 30. Bd3 Kf8 31. f4 h6 32. Kf2 f6 33. Ke3 Rc7 34. Bb5 Ke7 35. Rd2 Bf7 36. Kd4 Kd6 37. Re2 b6 38. f5 Re7 39. Rxe7 Kxe7 40. Ba6 Kd6 41. Bb7 Be8 42. b3 Bf7 43. h3 Bg8 44. g4 Bf7 45. h4 Bg8 46. Ba6 Bf7 47. Bb5 Kc7 48. Ba6 Kd6 49. Bc8 Bg8 50. Bb7 Bf7 51. h5 Bg8 52. Ba6 Bf7 53. Bb5 Kc7 54. Be2 Kd6 55. Bf3 Bg8 56. Bg2 Bf7 57. Bf1 Bg8 58. Bb5 Bf7 59. b4 Bg8 60. Be8 Ke7 61. Bc6 Kd6 62. Be8 Ke7 63. Bg6 Kd6 64. bxa5 bxa5 65. Be8 Ke7 66. Bb5 Kd6 67. c4 dxc4 68. Bxc4 Bxc4 69. Kxc4 Kc6 70. Kd4 Kd6 71. Kc4 Kc6 1/2-1/2

[Event "Quebec op"]
[Site "Montreal"]
[Date "2023.08.01"]
[Round "5"]
[White "Zhang, Chu Hang"]
[Black "Lin, Leo"]
[Result "1-0"]
[WhiteElo "1953"]
[BlackElo "2050"]
[PlyCount "75"]
[EventDate "2023.07.29"]
[EventType "swiss"]
[EventRounds "9"]
[EventCountry "CAN"]
[SourceTitle "CBM 215 Extra"]
[Source "ChessBase"]
[SourceDate "2023.09.30"]
[SourceVersion "1"]
[SourceVersionDate "2023.09.30"]
[SourceQuality "1"]

1. e4 d6 2. g3 Nf6 3. Bg2 g6 4. d3 Bg7 5. c4 0-0 6. Nc3 e5 7. Nh3 c6 8. 0-0 Ne8 9. f4 f5 10. Be3 Nf6 11. Nf2 Qe7 12. Qd2 Be6 13. b3 Nbd7 14. d4 fxe4 15. Ncxe4 Nxe4 16. Nxe4 d5 17. cxd5 cxd5 18. Ng5 e4 19. Nxe6 Qxe6 20. Rac1 Rac8 21. Qa5 a6 22. Rc7 b6 23. Qc3 Nc5 24. Rxg7+ Kxg7 25. dxc5+ Kg8 26. b4 Rfd8 27. Rd1 b5 28. Qd4 Kf7 29. Bd2 Qf6 30. Qxf6+ Kxf6 31. Bc3+ Kf7 32. Be5 Ra8 33. c6 Rac8 34. c7 Rd7 35. Rc1 Ke7 36. Kf2 g5 37. Bh3 gxf4 38. gxf4 1-0

[Event "Kingston Canada zt"]
[Site "Kingston"]
[Date "2022.04.17"]
[Round "8"]
[White "Huang, Youhe"]
[Black "Zhang, Chu Hang"]
[Result "1-0"]
[WhiteElo "1751"]
[BlackElo "1850"]
[PlyCount "111"]
[EventDate "2022.04.13"]
[EventType "swiss"]
[EventRounds "9"]
[EventCountry "CAN"]
[SourceTitle "CBM 207 Extra"]
[Source "ChessBase"]
[SourceDate "2022.05.31"]
[SourceVersion "1"]
[SourceVersionDate "2022.05.31"]
[SourceQuality "1"]

1. e4 e5 2. Nf3 Nc6 3. Bb5 a6 4. Ba4 Nf6 5. 0-0 Be7 6. Re1 b5 7. Bb3 d6 8. c3 Na5 9. Bc2 c5 10. h3 0-0 11. d4 Qc7 12. Nbd2 Re8 13. Nf1 Bb7 14. d5 Bc8 15. Ng3 Kh8 16. Ng5 Bf8 17. f4 h6 18. Nf3 exf4 19. Bxf4 Nc4 20. b3 Ne5 21. Rf1 Ng6 22. Qd2 Nh7 23. Rae1 Ne5 24. Nxe5 dxe5 25. Be3 Ra7 26. Bd1 Qd8 27. b4 Rc7 28. Bxc5 Rxc5 29. bxc5 Bxc5+ 30. Kh2 Qh4 31. Nf5 Bxf5 32. Rxf5 Ng5 33. Bg4 g6 34. g3 Qxg4 35. hxg4 gxf5 36. Kg2 fxe4 37. d6 Rd8 38. d7 Be7 39. Qd5 Bf6 40. Rf1 Kg7 41. Qc6 Ne6 42. Rd1 e3 43. Qe4 b4 44. Qxe3 bxc3 45. Qxc3 Nd4 46. Qc7 a5 47. Rf1 Ne6 48. Qc6 e4 49. Rd1 Bd4 50. Qb5 Bf6 51. Qf5 Nd4 52. Qd5 Ne2 53. Rf1 e3 54. Qf5 Bg5 55. Qxf7+ Kh8 56. Qe8+ 1-0

[Event "Kingston Canada zt"]
[Site "Kingston"]
[Date "2022.04.16"]
[Round "6"]
[White "Loadman, Ian"]
[Black "Zhang, Chu Hang"]
[Result "1/2-1/2"]
[WhiteElo "1848"]
[BlackElo "1850"]
[PlyCount "43"]
[EventDate "2022.04.13"]
[EventType "swiss"]
[EventRounds "9"]
[EventCountry "CAN"]
[SourceTitle "CBM 207 Extra"]
[Source "ChessBase"]
[SourceDate "2022.05.31"]
[SourceVersion "1"]
[SourceVersionDate "2022.05.31"]
[SourceQuality "1"]

1. e4 d5 2. exd5 Qxd5 3. Nc3 Qd8 4. d4 Nf6 5. Nf3 e6 6. Bd3 a6 7. Ne4 Nbd7 8. c3 c5 9. 0-0 cxd4 10. cxd4 Nxe4 11. Bxe4 Nf6 12. Bg5 Be7 13. Bxf6 gxf6 14. Qe2 f5 15. Bc2 b5 16. Rad1 Bb7 17. Rfe1 Qd5 18. Bb3 Qe4 19. d5 0-0-0 20. Qxe4 fxe4 21. Rxe4 Bd6 22. Re3 1/2-1/2

[Event "Kingston Canada zt"]
[Site "Kingston"]
[Date "2022.04.15"]
[Round "5"]
[White "Zhang, Chu Hang"]
[Black "Joseph Benher, Savio"]
[Result "1-0"]
[WhiteElo "1850"]
[BlackElo "1898"]
[PlyCount "127"]
[EventDate "2022.04.13"]
[EventType "swiss"]
[EventRounds "9"]
[EventCountry "CAN"]
[SourceTitle "CBM 207 Extra"]
[Source "ChessBase"]
[SourceDate "2022.05.31"]
[SourceVersion "1"]
[SourceVersionDate "2022.05.31"]
[SourceQuality "1"]

1. d4 Nf6 2. g3 e6 3. Bg2 d5 4. c4 Bb4+ 5. Bd2 Bd6 6. Nc3 c6 7. c5 Bc7 8. f4 Ne4 9. Bxe4 dxe4 10. Nxe4 Qxd4 11. Qc2 f5 12. Nf2 Na6 13. Nd3 Qe4 14. Nf3 b6 15. b4 bxc5 16. bxc5 e5 17. Kf2 Nxc5 18. Be3 Ne6 19. fxe5 Bb6 20. Qd2 0-0 21. Rab1 c5 22. Nf4 Nd4 23. a4 Bb7 24. Bxd4 cxd4 25. a5 Bc5 26. Rhc1 Qe3+ 27. Qxe3 dxe3+ 28. Kf1 Be4 29. Rb3 Be7 30. Rxe3 Rac8 31. Rec3 Rxc3 32. Rxc3 Bb4 33. Rc7 Bxa5 34. Rxa7 Bb6 35. Rd7 Re8 36. Ng5 Bc5 37. Nfe6 Bf8 38. Rf7 h6 39. Rxf8+ Rxf8 40. Nxf8 hxg5 41. Ne6 g4 42. Ng5 Bc2 43. Kf2 g6 44. e4 Kf8 45. exf5 Bxf5 46. Ke3 Ke7 47. Kf4 Bc8 48. Ne4 Bf5 49. Nf6 Ke6 50. Nxg4 Bd3 51. h4 Bb1 52. Nf6 Bc2 53. g4 Bb1 54. Ne4 Bc2 55. Ng5+ Ke7 56. h5 gxh5 57. gxh5 Kf8 58. h6 Bd3 59. e6 Ke7 60. Ke5 Kf8 61. Kf6 Kg8 62. e7 Bb5 63. Ke6 Be8 64. Kd6 1-0

[Event "Montreal Mercredi 11"]
[Site "Montreal"]
[Date "2018.11.14"]
[Round "1"]
[White "Brodie, Hugh"]
[Black "Zhang, Chu Hang"]
[Result "0-1"]
[WhiteElo "1859"]
[BlackElo "1807"]
[PlyCount "104"]
[EventDate "2018.11.14"]
[EventType "swiss"]
[EventRounds "5"]
[EventCountry "CAN"]
[SourceTitle "EXT 2022"]
[Source "ChessBase"]
[SourceDate "2021.10.06"]
[SourceVersion "1"]
[SourceVersionDate "2021.10.06"]
[SourceQuality "1"]

1. Nf3 Nf6 2. b3 b6 3. Bb2 Bb7 4. e3 d5 5. d4 g6 6. Bb5+ c6 7. Bd3 Bg7 8. 0-0 0-0 9. c4 Nbd7 10. Nbd2 c5 11. Rc1 Rc8 12. Re1 Re8 13. e4 dxe4 14. Nxe4 Nxe4 15. Bxe4 Bxe4 16. Rxe4 cxd4 17. Bxd4 e5 18. Ba1 Nc5 19. Re2 e4 20. Bxg7 Kxg7 21. Ne1 Qg5 22. Qc2 Nd3 23. Rd1 Nf4 24. Rxe4 Rxe4 25. Qxe4 Rc7 26. g3 Ne6 27. Nf3 Qe7 28. Qe5+ Kg8 29. Qd6 Qe8 30. Ne5 f6 31. Ng4 Kg7 32. Qd2 Ng5 33. Qd8 Qf7 34. Nxf6 Ne6 35. Ne8+ Kf8 36. Qf6 Kxe8 37. Qh8+ Ke7 38. Re1 Rd7 39. Qb2 Qf6 40. Qe2 Kf7 41. h4 Re7 42. Qd2 Kg7 43. Qd6 Kf7 44. Re4 Kg7 45. h5 Rf7 46. f4 Nc5 47. Qxf6+ Kxf6 48. Rd4 gxh5 49. Rd5 h4 50. g4 Ne6 51. f5 Nf4 52. Rd2 Kg5 0-1

[Event "CAN-ch U12"]
[Site "Quebec"]
[Date "2018.07.05"]
[Round "7.64"]
[White "Zhang, Chu Hang"]
[Black "Huang, Youhe"]
[Result "1-0"]
[WhiteElo "1557"]
[BlackElo "1949"]
[PlyCount "97"]
[EventDate "2018.07.02"]
[EventType "swiss"]
[EventRounds "7"]
[EventCountry "CAN"]
[SourceTitle "EXT 2022"]
[Source "ChessBase"]
[SourceDate "2021.10.06"]
[SourceVersion "1"]
[SourceVersionDate "2021.10.06"]
[SourceQuality "1"]

1. e4 c5 2. Nc3 Nc6 3. g3 g6 4. Bg2 Bg7 5. d3 d6 6. Nge2 a6 7. 0-0 e5 8. f4 Nge7 9. Kh1 0-0 10. Nd5 f5 11. c3 b5 12. a4 Bb7 13. axb5 axb5 14. Rxa8 Qxa8 15. Qb3 Kh8 16. Nc7 Qa4 17. Qxb5 Qxb5 18. Nxb5 Ba6 19. Nxd6 Bxd3 20. Re1 Nc8 21. Nb7 c4 22. exf5 e4 23. fxg6 hxg6 24. Ng1 Re8 25. Nc5 Nd6 26. Nh3 Ne7 27. Nf2 Nef5 28. g4 Nh4 29. Bxe4 Nxe4 30. Ncxe4 Bf8 31. Nxd3 cxd3 32. Re3 Nf3 33. Rxf3 Rxe4 34. Bd2 Re2 35. Rxd3 Bc5 36. b4 Ba7 37. c4 Re7 38. c5 Re8 39. Rd6 Bb8 40. Rd4 Kg7 41. c6 Kf6 42. b5 Rc8 43. Ba5 Ba7 44. Rc4 Ke6 45. b6 Kd5 46. Rc2 Bxb6 47. Bxb6 Rxc6 48. Rxc6 Kxc6 49. h4 1-0

[Event "CAN-ch U12"]
[Site "Quebec"]
[Date "2018.07.03"]
[Round "4.61"]
[White "Zhang, Chu Hang"]
[Black "Zheng, Richard"]
[Result "0-1"]
[WhiteElo "1557"]
[BlackElo "2011"]
[PlyCount "88"]
[EventDate "2018.07.02"]
[EventType "swiss"]
[EventRounds "7"]
[EventCountry "CAN"]
[SourceTitle "EXT 2022"]
[Source "ChessBase"]
[SourceDate "2021.10.06"]
[SourceVersion "1"]
[SourceVersionDate "2021.10.06"]
[SourceQuality "1"]

1. e4 e6 2. g3 d5 3. Bg2 Nf6 4. exd5 exd5 5. d4 Bd6 6. Nf3 0-0 7. 0-0 c6 8. Ne5 Bxe5 9. dxe5 Ng4 10. Qd4 f6 11. exf6 Qxf6 12. Qxf6 Nxf6 13. b4 Bf5 14. c3 Nbd7 15. a4 Rfe8 16. b5 cxb5 17. axb5 Bd3 18. Rd1 Bxb5 19. Be3 Bc6 20. Na3 Ne4 21. c4 Ndf6 22. Bd4 dxc4 23. Nxc4 Nd5 24. Rxa7 Rxa7 25. Bxa7 Nec3 26. Ra1 Ra8 27. Bxd5+ Nxd5 28. Bd4 Rxa1+ 29. Bxa1 g6 30. Na5 Kf7 31. Nxc6 bxc6 32. Kf1 Ke6 33. Ke2 Ne7 34. Kd3 Kd5 35. g4 Nc8 36. f4 Nd6 37. Be5 Ne4 38. Bd4 c5 39. Be3 c4+ 40. Kc2 Nf6 41. h3 Ke4 42. Bc1 Nd5 43. h4 Nxf4 44. h5 gxh5 0-1

[Event "Quebec-ch U20 Participation"]
[Site "Montreal"]
[Date "2017.04.22"]
[Round "3"]
[White "Zhang, Chu Hang"]
[Black "Bercuvitz, Tani"]
[Result "0-1"]
[WhiteElo "1348"]
[BlackElo "1369"]
[PlyCount "94"]
[EventDate "2017.04.21"]
[EventType "swiss"]
[EventRounds "5"]
[EventCountry "CAN"]
[SourceTitle "EXT 2022"]
[Source "ChessBase"]
[SourceDate "2021.10.06"]
[SourceVersion "1"]
[SourceVersionDate "2021.10.06"]
[SourceQuality "1"]

1. e4 e5 2. Nf3 Nc6 3. Bc4 Bc5 4. d3 Nf6 5. Nc3 d6 6. Bg5 Bg4 7. h3 Bh5 8. Nd5 Rg8 9. g4 Bg6 10. Nh4 h6 11. Be3 Bxe3 12. fxe3 Nxd5 13. Nxg6 Nxe3 14. Bxf7+ Kxf7 15. Qf3+ Kxg6 16. Qxe3 Qh4+ 17. Kd1 Rgf8 18. c3 Qf2 19. Qe2 Qf3 20. Kd2 Qxe2+ 21. Kxe2 Rf4 22. b4 a6 23. a4 Nd8 24. c4 Nc6 25. Rab1 Raf8 26. Rh2 Nd4+ 27. Ke3 Rf3+ 28. Kd2 Rf2+ 29. Rxf2 Rxf2+ 30. Ke1 Rh2 31. Rd1 Nc2+ 32. Kf1 Ne3+ 33. Kg1 Nxd1 34. Kxh2 Nb2 35. b5 Nxd3 36. a5 Nc5 37. Kg2 b6 38. bxa6 Nxa6 39. axb6 cxb6 40. h4 Nc5 41. Kf3 Nd3 42. Ke3 Nb2 43. Kd2 Nxc4+ 44. Kd3 b5 45. Kc3 Ne3 46. Kb4 Nxg4 47. Kxb5 Nf6 0-1

[Event "Quebec-ch U10"]
[Site "Montreal"]
[Date "2017.03.04"]
[Round "3"]
[White "Guipi Bopala, Prince Eric Jr"]
[Black "Zhang, Chu Hang"]
[Result "1-0"]
[WhiteElo "1819"]
[BlackElo "1225"]
[PlyCount "75"]
[EventDate "2017.03.04"]
[EventType "swiss"]
[EventRounds "5"]
[EventCountry "CAN"]
[SourceTitle "EXT 2022"]
[Source "ChessBase"]
[SourceDate "2021.10.06"]
[SourceVersion "1"]
[SourceVersionDate "2021.10.06"]
[SourceQuality "1"]

1. d4 d5 2. Nf3 Nf6 3. e3 Bf5 4. c4 e6 5. Nc3 dxc4 6. Bxc4 Nc6 7. a3 a6 8. 0-0 Be7 9. Re1 0-0 10. h3 Ne4 11. Bd3 Nxc3 12. bxc3 Bxd3 13. Qxd3 Re8 14. e4 Na5 15. c4 c5 16. d5 Rb8 17. Bf4 Bd6 18. e5 Bf8 19. Ng5 g6 20. Ne4 Bg7 21. d6 b6 22. Bg5 Qd7 23. Nf6+ Bxf6 24. Bxf6 h6 25. Re3 Kh7 26. h4 h5 27. g4 hxg4 28. Rg3 Nc6 29. Rxg4 Nxe5 30. Bxe5 f5 31. Rg2 Rg8 32. Rg5 b5 33. Qe2 Rg7 34. h5 Kg8 35. Bxg7 Kxg7 36. Rxg6+ Kf7 37. Qe5 Rf8 38. Rg7+ 1-0

[Event "Quebec op U1200"]
[Site "Montreal"]
[Date "2016.07.29"]
[Round "8.83"]
[White "Zhang, Chu Hang"]
[Black "Philogene, Joliet"]
[Result "1-0"]
[WhiteElo "1086"]
[BlackElo "923"]
[PlyCount "101"]
[EventDate "2016.07.23"]
[EventType "swiss"]
[EventRounds "8"]
[EventCountry "CAN"]
[SourceTitle "EXT 2022"]
[Source "ChessBase"]
[SourceDate "2021.10.06"]
[SourceVersion "1"]
[SourceVersionDate "2021.10.06"]
[SourceQuality "1"]

1. e4 e5 2. Nf3 Nc6 3. Nc3 a6 4. d4 exd4 5. Nxd4 Bc5 6. Be3 b6 7. Nxc6 dxc6 8. Qxd8+ Kxd8 9. Bxc5 bxc5 10. Na4 Nf6 11. Nxc5 Ke7 12. f3 Rd8 13. Bd3 a5 14. Rd1 Kd6 15. Na4 Ke5 16. b3 g6 17. Kf2 Kf4 18. g3+ Kg5 19. h4+ Kh6 20. g4 Kg7 21. g5 Nh5 22. Be2 Be6 23. Nc5 Nf4 24. Nxe6+ fxe6 25. Bc4 e5 26. a3 c5 27. Bd5 Rab8 28. a4 Rd6 29. Bc4 Rbd8 30. Rxd6 Rxd6 31. Bd3 Nxd3+ 32. cxd3 Rxd3 33. Rc1 c4 34. Rxc4 Rxb3 35. Rxc7+ Kg8 36. Ra7 Rb2+ 37. Kg3 Ra2 38. Rxa5 Kf7 39. Rxe5 Rxa4 40. Rd5 Kg7 41. Rd7+ Kg8 42. Kf4 Ra8 43. Rd6 Rf8+ 44. Kg4 h5+ 45. gxh6 Kh7 46. f4 Kxh6 47. h5 Rxf4+ 48. Kxf4 Kxh5 49. Rd5+ g5+ 50. Rxg5+ Kh6 51. e5 1-0